[Event "WC-2015-P-00003"]
[Site "LSS email"]
[Date "2015.01.19"]
[Round "?"]
[White "Gubo, Jozef"]
[Black "Murzus, Marcus"]
[Result "0-1"]
[WhiteElo "2075"]
[BlackElo "2043"]
[PlyCount "98"]
[EventDate "2015.01.25"]
[EventType "tourn (corr)"]
[EventRounds "12"]
[EventCountry "GER"]
[SourceTitle "Corr 2022"]
[Source "ChessBase"]
[SourceDate "2021.10.24"]
[SourceVersion "1"]
[SourceVersionDate "2021.10.24"]
[SourceQuality "1"]

1. e4 e5 2. Nf3 Nc6 3. Bc4 Bc5 4. c3 Nf6 5. d3 a6 6. 0-0 Ba7 7. Bg5 h6 8. Bh4 d6 9. a4 0-0 10. Nbd2 Kh7 11. b4 g5 12. Bg3 g4 13. Nh4 Nh5 14. Nf5 Nxg3 15. hxg3 Qg5 16. Qe2 h5 17. Rfd1 Bxf5 18. exf5 Ne7 19. d4 exd4 20. Ne4 Qh6 21. cxd4 Rae8 22. f6 Nc6 23. b5 Nxd4 24. Qd3 Kh8 25. b6 Bxb6 26. Rab1 Nf5 27. Rxb6 cxb6 28. Bd5 Re5 29. Bxb7 d5 30. Bxd5 Rd8 31. Qb3 b5 32. a5 Qf8 33. Rd3 Kh7 34. Rd2 Kg6 35. f3 Nxg3 36. Bxf7+ Qxf7 37. Qxf7+ Kxf7 38. Rxd8 Nxe4 39. fxe4 g3 40. Rd4 Re6 41. e5 Rxe5 42. Kf1 Kxf6 43. Rd6+ Re6 44. Rd4 Kf5 45. Rd1 h4 46. Rc1 b4 47. Rc4 Re4 48. Rc5+ Re5 49. Rc4 b3 0-1

[Event "WC-2015-P-00003"]
[Site "LSS email"]
[Date "2015.01.19"]
[Round "?"]
[White "Murzus, Marcus"]
[Black "Colibaba, Alexandr"]
[Result "1/2-1/2"]
[WhiteElo "2043"]
[BlackElo "2173"]
[PlyCount "60"]
[EventDate "2015.01.25"]
[EventType "tourn (corr)"]
[EventRounds "12"]
[EventCountry "GER"]
[SourceTitle "Corr 2022"]
[Source "ChessBase"]
[SourceDate "2021.10.24"]
[SourceVersion "1"]
[SourceVersionDate "2021.10.24"]
[SourceQuality "1"]

1. e4 e5 2. Nf3 Nc6 3. Bb5 a6 4. Ba4 Nf6 5. 0-0 Be7 6. Re1 b5 7. Bb3 0-0 8. c3 d5 9. exd5 Nxd5 10. Nxe5 Nxe5 11. Rxe5 c6 12. d4 Bd6 13. Re1 Qh4 14. g3 Qh3 15. Re4 g5 16. Qe2 f5 17. Bxd5+ cxd5 18. Re6 Bxe6 19. Qxe6+ Kg7 20. Bxg5 Qh5 21. Qxd6 Qxg5 22. Qe5+ Kg6 23. f4 Qd8 24. Qe3 Re8 25. Qf2 Qe7 26. Nd2 Qe2 27. Nf3 Re4 28. Rc1 Rc8 29. Rc2 Qxf2+ 30. Kxf2 Kg7 1/2-1/2

[Event "WC-2015-P-00003"]
[Site "LSS email"]
[Date "2015.01.19"]
[Round "?"]
[White "Murzus, Marcus"]
[Black "Nowak, Ireneusz"]
[Result "1/2-1/2"]
[WhiteElo "2043"]
[BlackElo "2186"]
[PlyCount "61"]
[EventDate "2015.01.25"]
[EventType "tourn (corr)"]
[EventRounds "12"]
[EventCountry "GER"]
[SourceTitle "Corr 2022"]
[Source "ChessBase"]
[SourceDate "2021.10.24"]
[SourceVersion "1"]
[SourceVersionDate "2021.10.24"]
[SourceQuality "1"]

1. e4 c6 2. d4 d5 3. e5 Bf5 4. Nf3 e6 5. Be2 Nd7 6. 0-0 Ne7 7. Nbd2 c5 8. c4 a6 9. dxc5 Nxc5 10. Nb3 Nd7 11. Nbd4 Be4 12. Be3 Rc8 13. Rc1 h6 14. Re1 dxc4 15. Nd2 Bd5 16. Nxc4 Ng6 17. f4 b5 18. f5 exf5 19. Nd6+ Bxd6 20. exd6 Be4 21. Bh5 Rxc1 22. Qxc1 Nde5 23. Nxf5 Bxf5 24. Bxg6 Bxg6 25. Bd4 0-0 26. Bxe5 Re8 27. Qc7 Bf5 28. Re3 Qd7 29. Kf2 Rc8 30. Qxd7 Bxd7 31. Re2 1/2-1/2

[Event "WC-2015-P-00003"]
[Site "LSS email"]
[Date "2015.01.19"]
[Round "?"]
[White "Murzus, Marcus"]
[Black "Van Bommel, Ton"]
[Result "0-1"]
[WhiteElo "2043"]
[BlackElo "1936"]
[PlyCount "138"]
[EventDate "2015.01.25"]
[EventType "tourn (corr)"]
[EventRounds "12"]
[EventCountry "GER"]
[SourceTitle "Corr 2022"]
[Source "ChessBase"]
[SourceDate "2021.10.24"]
[SourceVersion "1"]
[SourceVersionDate "2021.10.24"]
[SourceQuality "1"]

1. e4 Nf6 2. e5 Nd5 3. d4 d6 4. Nf3 g6 5. Bc4 Nb6 6. Bb3 Bg7 7. Qe2 Nc6 8. 0-0 0-0 9. h3 Na5 10. Nc3 d5 11. Bf4 c6 12. Rfe1 h6 13. Nd1 Be6 14. c3 Nxb3 15. axb3 a5 16. Ne3 Nd7 17. Ra3 Qc7 18. Rea1 b6 19. Bg3 Rfc8 20. Nh4 Nf8 21. f4 f5 22. Be1 Bf7 23. g4 Ne6 24. Bg3 fxg4 25. f5 gxf5 26. Nexf5 gxh3 27. Rf1 Rf8 28. Kh2 Be8 29. Nxg7 Nxg7 30. e6 Bh5 31. Qe3 Qc8 32. Re1 Nf5 33. Qe5 Nxg3 34. Rg1 Kh7 35. Rxg3 Rf6 36. Qxh5 Qxe6 37. Qg4 Rf2+ 38. Kxh3 Qxg4+ 39. Rxg4 Rxb2 40. Ng6 Rb1 41. Ne5 Rf8 42. b4 Rh1+ 43. Kg2 Rff1 44. Rg3 h5 45. Rf3 Rhg1+ 46. Kh3 Rh1+ 47. Kg3 Rxf3+ 48. Nxf3 axb4 49. cxb4 c5 50. bxc5 bxc5 51. dxc5 Rc1 52. Ra6 Kg7 53. c6 Rc4 54. Ne5 h4+ 55. Kh3 Rc1 56. Kxh4 Kf6 57. Nd3 Rc4+ 58. Kg3 Rc3 59. Kf4 Ke6 60. Ne5 Kd6 61. Nf7+ Kc7 62. Ne5 Kd6 63. Ra1 Rc2 64. Re1 Rf2+ 65. Ke3 Rf8 66. Kd3 Ra8 67. Kc3 Ra4 68. Kb3 Ra8 69. Kb4 Rb8+ 0-1

[Event "SC-2014-0-00234"]
[Site "LSS email"]
[Date "2014.08.01"]
[Round "?"]
[White "Migliorini, Roberto"]
[Black "Murzus, Marcus"]
[Result "0-1"]
[WhiteElo "1675"]
[BlackElo "1978"]
[PlyCount "112"]
[EventDate "2014.07.01"]
[EventType "tourn (corr)"]
[EventRounds "6"]
[EventCountry "GER"]
[SourceTitle "Corr 2022"]
[Source "ChessBase"]
[SourceDate "2021.10.24"]
[SourceVersion "1"]
[SourceVersionDate "2021.10.24"]
[SourceQuality "1"]

1. Nf3 Nf6 2. d4 e6 3. c4 d5 4. Nc3 c6 5. Bg5 h6 6. Bxf6 Qxf6 7. e3 Nd7 8. Bd3 dxc4 9. Bxc4 g6 10. 0-0 Bg7 11. Rc1 0-0 12. b4 Qe7 13. Qb3 b6 14. Rfd1 Bb7 15. Be2 Rfd8 16. Nd2 e5 17. d5 Nf6 18. dxc6 Bxc6 19. b5 Bb7 20. Qa4 e4 21. a3 Bf8 22. Ncb1 Nd5 23. Qxe4 Qxe4 24. Nxe4 Nxe3 25. Nf6+ Kg7 26. Nh5+ gxh5 27. fxe3 Bc5 28. Kf2 Rxd1 29. Bxd1 Rd8 30. Bf3 Bxf3 31. Kxf3 f5 32. Rc3 Rd1 33. Rb3 Kf6 34. Ke2 Rh1 35. h3 Rg1 36. Kf2 Rc1 37. Kf3 Rd1 38. Ke2 Rc1 39. Kf3 Rd1 40. Kf2 f4 41. Ke2 Rg1 42. exf4 Kf5 43. g3 Rg2+ 44. Kd1 Bf2 45. Rf3 Bxg3 46. Nc3 h4 47. Ne2 Bf2 48. Kd2 Ke4 49. Rb3 Rh2 50. a4 Bc5 51. Kd1 Rh1+ 52. Kd2 Ra1 53. Kc2 Ra2+ 54. Kd1 Kf5 55. Rd3 Rxa4 56. Rd5+ Kg6 0-1

[Event "SC-2014-0-00234"]
[Site "LSS email"]
[Date "2014.08.01"]
[Round "?"]
[White "Murzus, Marcus"]
[Black "Gorbatov, Valentin"]
[Result "1-0"]
[WhiteElo "1978"]
[BlackElo "1899"]
[PlyCount "49"]
[EventDate "2014.07.01"]
[EventType "tourn (corr)"]
[EventRounds "6"]
[EventCountry "GER"]
[SourceTitle "Corr 2022"]
[Source "ChessBase"]
[SourceDate "2021.10.24"]
[SourceVersion "1"]
[SourceVersionDate "2021.10.24"]
[SourceQuality "1"]

1. e4 c5 2. Nf3 d6 3. d4 cxd4 4. Nxd4 Nf6 5. Nc3 a6 6. Be3 e5 7. Nb3 Be6 8. f3 Nbd7 9. g4 h6 10. Qd2 Be7 11. 0-0-0 b5 12. h4 Nb6 13. Qf2 Nfd7 14. Kb1 Nc4 15. Bc1 Qb6 16. Qe1 Qc6 17. Nd5 Rc8 18. Bxc4 Qxc4 19. Rh2 Bxd5 20. exd5 0-0 21. Na5 Qc7 22. Re2 Rfe8 23. Be3 Nb8 24. Nb3 Nd7 25. Na5 1-0